<?xml version="1.0" encoding="UTF-8"?>
<record
    xmlns:xsi="http://www.w3.org/2001/XMLSchema-instance"
    xsi:schemaLocation="http://www.loc.gov/MARC21/slim http://www.loc.gov/standards/marcxml/schema/MARC21slim.xsd"
    xmlns="http://www.loc.gov/MARC21/slim">

  <leader>01197cas a22003497ar4500</leader>
  <controlfield tag="005">20220329142130.0</controlfield>
  <controlfield tag="008">990902d1950    us qr pernn   0 uub0spa d</controlfield>
  <datafield tag="010" ind1=" " ind2=" ">
    <subfield code="a">78955</subfield>
  </datafield>
  <datafield tag="011" ind1=" " ind2=" ">
    <subfield code="a">79927</subfield>
  </datafield>
  <datafield tag="035" ind1=" " ind2=" ">
    <subfield code="a">90348</subfield>
  </datafield>
  <datafield tag="245" ind1="0" ind2="0">
    <subfield code="a">Ciencias Sociales</subfield>
    <subfield code="c">/por Organizaci&#xF3;n de los Estados Americanos</subfield>
  </datafield>
  <datafield tag="260" ind1="0" ind2=" ">
    <subfield code="a">Washington, D.C. :</subfield>
    <subfield code="b">Organizaci&#xF3;n de los Estados Americanos,</subfield>
    <subfield code="c">1950-</subfield>
  </datafield>
  <datafield tag="300" ind1=" " ind2=" ">
    <subfield code="a">v.</subfield>
  </datafield>
  <datafield tag="310" ind1=" " ind2=" ">
    <subfield code="a">Trimestral</subfield>
  </datafield>
  <datafield tag="362" ind1=" " ind2=" ">
    <subfield code="a">v.7 n.37,1956.</subfield>
  </datafield>
  <datafield tag="500" ind1=" " ind2=" ">
    <subfield code="a">Se dej&#xF3; de recibir a partir del v.7 n.40,1956.</subfield>
  </datafield>
  <datafield tag="590" ind1=" " ind2=" ">
    <subfield code="a">BATCH-UPD</subfield>
    <subfield code="b">10</subfield>
    <subfield code="c">20130110</subfield>
    <subfield code="l">UCH01</subfield>
    <subfield code="h">2340</subfield>
  </datafield>
  <datafield tag="590" ind1=" " ind2=" ">
    <subfield code="a">BATCH-UPD</subfield>
    <subfield code="b">10</subfield>
    <subfield code="c">20130410</subfield>
    <subfield code="l">UCH01</subfield>
    <subfield code="h">1628</subfield>
  </datafield>
  <datafield tag="590" ind1=" " ind2=" ">
    <subfield code="a">BATCH-UPD</subfield>
    <subfield code="b">10</subfield>
    <subfield code="c">20130914</subfield>
    <subfield code="l">UCH01</subfield>
    <subfield code="h">0938</subfield>
  </datafield>
  <datafield tag="590" ind1=" " ind2=" ">
    <subfield code="a">CONVERSION</subfield>
    <subfield code="b">10</subfield>
    <subfield code="c">20130109</subfield>
    <subfield code="l">UCH01</subfield>
    <subfield code="h">1344</subfield>
  </datafield>
  <datafield tag="650" ind1="1" ind2="4">
    <subfield code="a">Ciencias sociales</subfield>
    <subfield code="x">Publicaciones peri&#xF3;dicas.</subfield>
    <subfield code="9">23233</subfield>
  </datafield>
  <datafield tag="785" ind1="0" ind2="0">
    <subfield code="t">Revista Interamericana de Ciencias Sociales</subfield>
  </datafield>
  <datafield tag="866" ind1=" " ind2=" ">
    <subfield code="a">v.2 n.7,9-13 (1951)</subfield>
  </datafield>
  <datafield tag="866" ind1=" " ind2=" ">
    <subfield code="a">v.3 n.13-18 (1952)</subfield>
  </datafield>
  <datafield tag="866" ind1=" " ind2=" ">
    <subfield code="a">v.4 n.20-22,24 (1953)</subfield>
  </datafield>
  <datafield tag="866" ind1=" " ind2=" ">
    <subfield code="a">v.5 n.26-29 (1954)</subfield>
  </datafield>
  <datafield tag="866" ind1=" " ind2=" ">
    <subfield code="a">v.6 n.31-v.7 n.40 (1955-1956)</subfield>
  </datafield>
  <datafield tag="901" ind1=" " ind2=" ">
    <subfield code="a">SE</subfield>
  </datafield>
  <datafield tag="905" ind1=" " ind2=" ">
    <subfield code="a">Ma. del Socorro Iturbe C.</subfield>
  </datafield>
  <datafield tag="999" ind1=" " ind2=" ">
    <subfield code="c">78955</subfield>
    <subfield code="d">78955</subfield>
  </datafield>
  <datafield tag="952" ind1=" " ind2=" ">
    <subfield code="0">0</subfield>
    <subfield code="1">0</subfield>
    <subfield code="2">local</subfield>
    <subfield code="4">0</subfield>
    <subfield code="5">1</subfield>
    <subfield code="7">0</subfield>
    <subfield code="8">UACH</subfield>
    <subfield code="a">BC</subfield>
    <subfield code="b">BC</subfield>
    <subfield code="c">PB_PS</subfield>
    <subfield code="d">2024-02-15</subfield>
    <subfield code="h">Vol. 7, No. 37, Marzo 1956</subfield>
    <subfield code="l">0</subfield>
    <subfield code="o">Revista</subfield>
    <subfield code="p">BC-H-00007126</subfield>
    <subfield code="r">2024-02-15 00:00:00</subfield>
    <subfield code="w">2024-02-15</subfield>
    <subfield code="y">ISSUE</subfield>
  </datafield>
  <datafield tag="952" ind1=" " ind2=" ">
    <subfield code="0">0</subfield>
    <subfield code="1">0</subfield>
    <subfield code="2">local</subfield>
    <subfield code="4">0</subfield>
    <subfield code="5">1</subfield>
    <subfield code="7">0</subfield>
    <subfield code="8">UACH</subfield>
    <subfield code="a">BC</subfield>
    <subfield code="b">BC</subfield>
    <subfield code="c">PB_PS</subfield>
    <subfield code="d">2024-02-15</subfield>
    <subfield code="h">Vol. 7, No. 38, Junio 1956</subfield>
    <subfield code="l">0</subfield>
    <subfield code="o">Revista</subfield>
    <subfield code="p">BC-H-00007127</subfield>
    <subfield code="r">2024-02-15 00:00:00</subfield>
    <subfield code="w">2024-02-15</subfield>
    <subfield code="y">ISSUE</subfield>
  </datafield>
  <datafield tag="952" ind1=" " ind2=" ">
    <subfield code="0">0</subfield>
    <subfield code="1">0</subfield>
    <subfield code="2">local</subfield>
    <subfield code="4">0</subfield>
    <subfield code="5">1</subfield>
    <subfield code="7">0</subfield>
    <subfield code="8">UACH</subfield>
    <subfield code="a">BC</subfield>
    <subfield code="b">BC</subfield>
    <subfield code="c">PB_PS</subfield>
    <subfield code="d">2024-02-15</subfield>
    <subfield code="h">Vol. 7, No. 39, Septiembre 1956</subfield>
    <subfield code="l">0</subfield>
    <subfield code="o">Revista</subfield>
    <subfield code="p">BC-H-00007128</subfield>
    <subfield code="r">2024-02-15 00:00:00</subfield>
    <subfield code="w">2024-02-15</subfield>
    <subfield code="y">ISSUE</subfield>
  </datafield>
  <datafield tag="952" ind1=" " ind2=" ">
    <subfield code="0">0</subfield>
    <subfield code="1">0</subfield>
    <subfield code="2">local</subfield>
    <subfield code="4">0</subfield>
    <subfield code="5">1</subfield>
    <subfield code="7">0</subfield>
    <subfield code="8">UACH</subfield>
    <subfield code="a">BC</subfield>
    <subfield code="b">BC</subfield>
    <subfield code="c">PB_PS</subfield>
    <subfield code="d">2024-02-15</subfield>
    <subfield code="h">Vol. 7, No. 40, Diciembre 1956</subfield>
    <subfield code="l">0</subfield>
    <subfield code="o">Revista</subfield>
    <subfield code="p">BC-H-00007129</subfield>
    <subfield code="r">2024-02-15 00:00:00</subfield>
    <subfield code="w">2024-02-15</subfield>
    <subfield code="y">ISSUE</subfield>
  </datafield>
</record>
